| 000 | 00882am a2200313a 44500 | ||
|---|---|---|---|
| 003 | AR-BaBNM | ||
| 005 | 20251128205626.0 | ||
| 008 | 018019s1990 #AR|||||||||||000 | spa|| | ||
| 020 | _a84-7509-614-X | ||
| 040 | _cAR-BaBNM | ||
| 100 | 1 | _aRawls, John | |
| 245 | 1 | 0 | _aSobre las libertades |
| 250 | _a1ª ed. | ||
| 260 |
_aBarcelona _bPaidós _c1990 _bInstituto de Ciencias de la Educación. Universidad Autónoma de Barcelona |
||
| 300 | _a122 p. | ||
| 490 | 0 |
_aPensamiento contemporáneo _vvol. 9 |
|
| 600 | 1 | 4 | _aKant, Immanuel |
| 650 | 4 | _aFILOSOFIA DEL DERECHO | |
| 650 | 4 | _aETICA POLITICA | |
| 650 | 4 | _aJUSTICIA SOCIAL | |
| 650 | 4 | _aDEMOCRACIA | |
| 650 | 4 | _aLIBERTAD | |
| 650 | 4 | _aDERECHOS CIVILES Y POLITICOS | |
| 700 | 1 |
_aCamps, Victoria _eprologuista |
|
| 700 | 1 |
_aVigil Rubio, Jorge _etraductor |
|
| 800 | 1 | _aCruz, Manuel | |
| 942 | _cBK | ||
| 998 | _cD.B. | ||
| 999 |
_c12158 _d12158 |
||